00362nam a22001337a 450000500170000000800410001704100120005808200120007010000120008224500310009426000530012530000250017865000250020320240805100347.0240805b |||||||| |||| 00| 0 eng d aEnglish a349 SOU lEnglish aSouth African Law Reports  aJohannesburg: bDigma Publications, c1920-1922  b253 pages; c25 cm.  aLegal practice bLaw